| 000 | 00681nam a2200205Ii 4500 | ||
|---|---|---|---|
| 003 | JO-AjNU | ||
| 008 | 230605s9999||||xx |||||||||||||| ||und|| | ||
| 017 | _a2005/4/770 | ||
| 040 |
_aJO-AjNU _bara _erda _cJO-AjNU |
||
| 041 | _aara | ||
| 050 | 1 | 4 | _aLB1591.K4222 2005 |
| 100 | 3 |
_aخليفة،عبد الكريم, _eauthor _911880 |
|
| 245 | 0 | 0 | _aأساليب تدريس التربية الفنية |
| 264 | 3 | 1 | _aعمان:دار أسامة،2005 |
| 300 | _a64ص | ||
| 336 |
_atext _btxt _2rdacontent |
||
| 337 |
_aunmediated _bn _2rdamedia |
||
| 338 |
_avolume _bnc _2rdacarrier |
||
| 650 | 4 |
_a فن-تعلم وتعليم (أساسي)-الأردن. تدريس-أساليب. _911881 |
|
| 999 |
_aA2552 _c6120 _d6120 |
||